| 000 | 00724nam a2200253Ia 4500 | ||
|---|---|---|---|
| 003 | OSt | ||
| 005 | 20220927105545.0 | ||
| 006 | a|||||r|||| 00| 0 | ||
| 007 | ta | ||
| 008 | 220926b |||||||| |||| 00| 0 eng d | ||
| 024 | _a174240 | ||
| 037 | _cReference Collections | ||
| 040 |
_aRTL _cRTL _beng |
||
| 041 |
_2eng _aeng |
||
| 082 | _a"V1N45.N91a, N1.13-2/UN" | ||
| 110 | _aUNITED NATIONS. | ||
| 245 | 0 |
_aUnited Nations Documents index _b Current index. |
|
| 260 |
_aNew _bYork United Nations. _c1991 |
||
| 300 |
_a433-939p. _ccm. |
||
| 500 | _aPart II-Subject index. | ||
| 700 | _aUNITED NATIONS. | ||
| 942 |
_h"V1N45.N91a, N1.13-2/UN" _cCC |
||
| 999 |
_c693066 _d693066 |
||